000 00352nam a2200145 i 4500
001 bg
100 1 _aBUZDUGAN, Gheorghe
245 0 _aIzolarea antivibratorie a masinilor /
_cGheorghe Buzdugan.
260 _aBucuresti,
_c1980.
040 _cBPK
041 _apol
080 _a534:621.01
942 _cKS
008 s pl f |000 0 pol
999 _c19445
_d19445
856 _uhttp://koha.tu.koszalin.pl/cgi-bin/koha/opac-detail.pl?biblionumber=19445
_yKatalog online BPK